Statistics for WWE One Minute Quiz: Batista

Click here to take the quiz!

General Stats

  • This quiz has been taken 545 times
  • The average score is 3 of 6

Answer Stats

QuestionAnswer% Correct
What Team Was Batista a Part Of For Most Of His Carrer?Evolution
86%
How Old is Batista?Forty-Five
82%
What is His Nickname?The Animal
80%
Who Did He Lose To at Wrestlemania XXIII?The Undertaker
68%
Who Did He Defeat at Wreatlemania XXIV?Umaga
25%
Who is He Currently Married To?Angie Bautista
4%

Score Distribution

Percentile by Number Answered

Percent of People with Each Score

Your Score History

You have not taken this quiz